00340nam a2200073Ia 4500008004100000245004000041300015100081650003400232180130s9999 xx 000 0 und d aAlien bodies : the search of desire aBook title: Somatic experience in psychoanalysis and psychotherapy : in the expressive language of the living--Acession number C20994; pages 58-72 aPSYCHOANALYSIS, PSYCHOTHERAPY